000 01028cab a2200265 4500
001 WB3519-51
008 090401t1999 xxu||||| |||| 00| 0 eng d
035 _a(Sirsi) u93438
041 _aeng
245 _aGreen and pleasant land
260 _c1999
350 _a0
490 _aGuardian
_v15 May 1999, 12
490 _aFinancial Times
_v18 May 1999, 12, 19 May 1999, 13(4)
520 _aA five-week planning inquiry has begun into south-east England's housing, economic development and transport needs until 2016. Serplan argues as part of its strategy that government guideline building targets for the region are too high and should be limited to a baseline of 862,000 homes, a suggestion which has been criticised by the government.
650 _aGREENFIELD DEVELOPMENT
650 _aHOUSING DEVELOPMENT
650 _aPLANNING GUIDELINES
650 _aPLANNING INQUIRIES
650 _aSERPLAN
650 _aSOUTH EAST ENGLAND
690 _aPLANNING LAW AND PRACTICE
942 _n0
948 _c19/05/1999
999 _c59215
_d59215